000 00477nab a2200193 a 4500
001 113315
003 200628
005 20201118120445.0
008 ||||||n9999 ||| || ||
100 _aEisenberg, Daniel
245 0 _aIgnorant & poor?
300 _a17 - 18
500 _aCrisis economica de la multinacional ENRON.
562 _e0
650 _aCRISIS ECONÓMICA
773 _081440
_aTime - Vol.159 No.6
942 _cSART
999 _c113315
_d113315